Statistics for Famous French People

Click here to take the quiz!

General Stats

  • This quiz has been taken 62 times
  • The average score is 10 of 15

Answer Stats

HintFamous French people% Correct
The longest-serving monarch of France, also called "The Sun King"Louis XIV
94%
Fashion designer who invented the 'little black dress'Coco Chanel
92%
The author of "Les Miserables"Victor Hugo
92%
French-Polish film maker known for "The Pianist"and "Rosemary's Baby"Roman Polanski
86%
Sculptor known for "The Thinker"Auguste Rodin
82%
Artist famous for painting life, nature and women of TahitiPaul Gauguin
75%
Grammy winning electronic pop duoDaft Punk
65%
Enlightenment philosopher, writer and essayist known for wit, satire and defence of civil libertiesVoltaire
65%
20th century intellectual who was awarded Nobel prize for literature in 1964 (which he declined)Jean-Paul Sartre
61%
Actress who won an Oscar for "The English Patient"Juliette Binoche
59%
One of the greatest Formula 1 drivers of all timeAlain Prost
51%
(Actress and) Singer known for "Joe le Taxi"Vanessa Paradis
51%
Mathematician, philosopher and inventor who has a Triangle named after himBlaise Pascal
31%
Poet known for a huge influence on modern literature, and for "The Drunken Boat" and being portrayed in a movie by Leonardo DiCaprioArthur Rimbaud
27%
Writer famous for a relationship with Henry Miller and for her diaries and novels known for erotismAnaïs Nin
24%

Score Distribution

Percentile by Number Answered

Percent of People with Each Score

Your Score History

You have not taken this quiz